<?xml version="1.0" encoding="UTF-8"?>
<record
    xmlns:xsi="http://www.w3.org/2001/XMLSchema-instance"
    xsi:schemaLocation="http://www.loc.gov/MARC21/slim http://www.loc.gov/standards/marcxml/schema/MARC21slim.xsd"
    xmlns="http://www.loc.gov/MARC21/slim">

  <leader>01866cam a2200241 i 4500</leader>
  <controlfield tag="003">OSt</controlfield>
  <controlfield tag="005">20240828153723.0</controlfield>
  <controlfield tag="008">140611t20162016nyuab         001 0 eng  </controlfield>
  <datafield tag="020" ind1=" " ind2=" ">
    <subfield code="a">9780073522593</subfield>
  </datafield>
  <datafield tag="040" ind1=" " ind2=" ">
    <subfield code="c">WIUC</subfield>
  </datafield>
  <datafield tag="050" ind1="0" ind2="0">
    <subfield code="a">QR41.2.M48</subfield>
  </datafield>
  <datafield tag="082" ind1=" " ind2=" ">
    <subfield code="2">dc23</subfield>
    <subfield code="a">616.9'041</subfield>
  </datafield>
  <datafield tag="245" ind1="1" ind2="0">
    <subfield code="a">Nester's microbiology : a human perspective. /</subfield>
    <subfield code="c">Denise G. Anderson, Sarah N. Salm, Deborah P. Allen</subfield>
  </datafield>
  <datafield tag="246" ind1="3" ind2="0">
    <subfield code="a">Microbiology</subfield>
  </datafield>
  <datafield tag="250" ind1=" " ind2=" ">
    <subfield code="a">8th ed.</subfield>
  </datafield>
  <datafield tag="260" ind1=" " ind2=" ">
    <subfield code="a">New York, NY :</subfield>
    <subfield code="b">McGraw-Hill Education,</subfield>
    <subfield code="c">2016.</subfield>
  </datafield>
  <datafield tag="300" ind1=" " ind2=" ">
    <subfield code="a">xxi, 815 p. :</subfield>
    <subfield code="b">ills.: color maps ;</subfield>
    <subfield code="c">29 cm</subfield>
  </datafield>
  <datafield tag="500" ind1=" " ind2=" ">
    <subfield code="a">Includes index.</subfield>
  </datafield>
  <datafield tag="505" ind1=" " ind2=" ">
    <subfield code="a">Content: Part I. Life and death of microorganisms -- Humans and the microbial world -- The molecules of life -- Microscopy and cell structure -- Dynamics of microbial growth -- Control of microbial growth -- Metabolism : fueling cell growth -- The blueprint of life, from DNA to protein -- Bacterial genetics -- Biotechnology and recombinant DNA --Part. 2. The microbial world -- Identifying and classifying microorganisms -- The diversity of bacteria and archaea -- The eukaryotic members of the microbial world -- Viruses, Viroids, and prions -- Part. 3. Microorganisms and humans -- The innate immune response -- The adaptive immune response -- Host-microbe interactions -- Immunologic disorders -- Applications of immune responses -- Epidemiology -- Antimicrobial medications -- Part. 4. Infectious diseases -- Respiratory system infections -- Skin infections -- Wound infections -- Digestive system infections -- Blood and lymphatic infections -- Nervous system infections -- Genitourinary tract infections -- Part. 5. Applied microbiology -- Microbial ecology -- Environmental microbiology : treatment of water, wastes, and polluted habitats -- Food microbiology.</subfield>
  </datafield>
  <datafield tag="700" ind1="1" ind2=" ">
    <subfield code="a">Salm, Sarah.</subfield>
    <subfield code="9">3018</subfield>
  </datafield>
  <datafield tag="700" ind1="1" ind2=" ">
    <subfield code="a">Allen, Deborah</subfield>
    <subfield code="9">3019</subfield>
  </datafield>
  <datafield tag="942" ind1=" " ind2=" ">
    <subfield code="2">lcc</subfield>
    <subfield code="c">BK</subfield>
  </datafield>
  <datafield tag="999" ind1=" " ind2=" ">
    <subfield code="c">10384</subfield>
    <subfield code="d">17884</subfield>
  </datafield>
  <datafield tag="952" ind1=" " ind2=" ">
    <subfield code="0">0</subfield>
    <subfield code="1">0</subfield>
    <subfield code="2">lcc</subfield>
    <subfield code="4">0</subfield>
    <subfield code="7">0</subfield>
    <subfield code="a">WIUC-KL</subfield>
    <subfield code="b">WIUC-KL</subfield>
    <subfield code="d">2024-08-23</subfield>
    <subfield code="l">0</subfield>
    <subfield code="o">QR41.2.M48(5e)</subfield>
    <subfield code="p">KSN/1363/104/24</subfield>
    <subfield code="r">2024-08-23 00:00:00</subfield>
    <subfield code="t">1</subfield>
    <subfield code="w">2024-08-23</subfield>
    <subfield code="y">BK</subfield>
  </datafield>
  <datafield tag="952" ind1=" " ind2=" ">
    <subfield code="0">0</subfield>
    <subfield code="1">0</subfield>
    <subfield code="2">lcc</subfield>
    <subfield code="4">0</subfield>
    <subfield code="7">0</subfield>
    <subfield code="a">WIUC-KL</subfield>
    <subfield code="b">WIUC-KL</subfield>
    <subfield code="d">2024-08-23</subfield>
    <subfield code="l">0</subfield>
    <subfield code="o">QR41.2.M481(5e)</subfield>
    <subfield code="p">KSN/1364/105/24</subfield>
    <subfield code="r">2024-08-23 00:00:00</subfield>
    <subfield code="t">2</subfield>
    <subfield code="w">2024-08-23</subfield>
    <subfield code="y">BK</subfield>
  </datafield>
</record>
